Metropolita Lavr (Vasiľ Škurla) historické a spoločenské okolnosti jeho života a pôsobenia 1.1.1928 - 16.3.2008

Bibliographic Details
Main Author: Škurla, Michal, 1942- (Author)
Format: Book
Language:Slovak
PhysicalDescription:223 strán fotografie, portréty 22 cm
Published: Svidník Tlačiareň svidnícka 2017
ISBN:9788089755356
Subjects:

MARC

LEADER 00000cam a2200000 4500
001 vtls011699334
003 SK-MaSNL
005 20260301043315.0
008 200316s2017 xo oc fr 000 0bslo
015 |a SNBA2018/04 
020 |a 9788089755356  |q (viazané) 
035 |a urn:nbn:sk:snk-am00dhzg 
035 |a urn:nbn:sk:snk-am3i2x0 
035 |a 75164634-844B-4AC3-A0FE-7FD839490414 
040 |a SNK  |b slo  |c SNK  |e rda 
041 0 |a slo 
043 |a e-xo---  |a n-xxu-- 
044 |a xr  |c SK 
072 7 |a 929  |x Biografie  |2 konspekt 
080 |a 271.2-722.51  |2 2011 
080 |a 271.2  |2 2011 
080 |a 27-726.1  |2 2011 
080 |a 27-722.51/.52  |2 2011 
080 |a (73)  |2 2011 
080 |a (437.6)  |2 2011 
080 |a (437.671.123.169)  |2 2011 
080 |a (092)  |2 2011 
080 |a (0:82-94)  |2 2011 
100 1 |a Škurla, Michal,  |d 1942-  |4 aut  |9 112053 
245 1 0 |a Metropolita Lavr (Vasiľ Škurla)  |b historické a spoločenské okolnosti jeho života a pôsobenia 1.1.1928 - 16.3.2008  |c Michal Škurla 
264 1 |a Svidník  |b Tlačiareň svidnícka  |c 2017 
300 |a 223 strán  |b fotografie, portréty  |c 22 cm 
336 |a text  |b txt  |2 rdacontent 
337 |a bez média  |b n  |2 rdamedia 
338 |a zväzok  |b nc  |2 rdacarrier 
500 |a K 10. výročiu podpísania Aktu o kánonickom spoločenstve medzi RPCZ a Moskovským patriarchátom 
504 |a Bibliografia na strane 220-223 
600 1 0 |a Lavr  |c metropolita východo-americký a newyorský,  |d 1928-2008  |2 SNKMA  |9 347912 
650 0 7 |a pravoslávne cirkvi  |2 SNKPH  |9 84045 
650 0 7 |a arcibiskupi  |2 SNKPH  |9 686 
650 0 7 |a cirkevní hodnostári  |2 SNKPH  |9 261074 
650 0 7 |a Orthodox Eastern churches  |2 SNKPHeng  |9 266203 
650 0 7 |a Archbishops  |2 SNKPHeng  |9 336387 
650 0 7 |a Dignitaries  |2 SNKPHeng  |9 288421 
651 7 |a Ladomirová (Slovensko)  |2 SNKPHgeo  |9 28842 
651 7 |a Svidník (Slovensko)  |2 SNKPHgeo  |9 28309 
651 7 |a Spojené štáty americké  |2 SNKPHgeo  |9 18262 
651 7 |a Ladomirová (Slovakia)  |2 SNKPHeng  |9 315987 
651 7 |a Svidník (Slovakia)  |2 SNKPHeng  |9 327132 
651 7 |a United States  |2 SNKPHeng  |9 281561 
655 7 |a biografie  |2 SNKPH  |9 27965 
655 7 |a spomienky  |2 SNKPH  |9 29509 
655 7 |a Biography  |2 SNKPHeng  |9 266314 
655 7 |a Reminiscences  |2 SNKPHeng  |9 93477 
919 |a 978-80-89755-35-6 
958 |a BX 
958 |a NB 
999 |c 593258  |d 595188 
952 |a SNK  |b SNK  |y PREZ  |7 0  |p 17A1320472  |o snkSC 178171  |i snk2018/3924  |8 0  |0 0  |1 0  |4 0  |d 2018-02-12  |f 1  |l 0  |r 2025-09-19 00:00:00  |w 2026-02-23 
952 |a SNK  |b SNK  |y VYP  |7 0  |p 17A1320473  |o snkSC 178171 D1  |i snk2018/3925  |8 0  |0 0  |1 0  |4 0  |d 2018-02-12  |l 0  |r 2026-02-23 15:30:46  |w 2026-02-23